000 00900nmc a2200337 a 4500
003 AR-BaBNM
005 20251128204727.0
008 055119s1992 ||||||||||||||000 | spa||
020 _a980-276-175-3
040 _cAR-BaBNM
100 1 _aArciniegas, Germán
245 1 0 _aLos comuneros
_n2
260 _aCaracas
_bBiblioteca Ayacucho
_c1992
300 0 _a176 p.
490 0 _aLa expresión americana
_vv. 8
500 0 _aContiene índice de los contenidos
600 0 4 _aTúpac Amaru
650 4 _aLITERATURA LATINOAMERICANA
650 4 _aGUERRAS DE LA INDEPENDENCIA
650 4 _aHISTORIA MILITAR
650 4 _aSIGLO DIECINUEVE
650 4 _aSIGLO DIECIOCHO
650 4 _aSISTEMAS SOCIALES
650 4 _aESTRUCTURA SOCIAL
651 4 _aParaguay
651 4 _aEcuador
651 4 _aColombia
800 1 _aRodriguez Ortiz, Oscar
_ecoordinador
942 _cBK
998 _cisola
999 _c8587
_d8587